Los pasos contados : (Record no. 49042)

MARC details
000 -LEADER
campo de control de longitud fija 00718nam a2200217 i 4500
001 - NÚMERO DE CONTROL
campo de control 49042
003 - IDENTIFICADOR DE NÚMERO DE CONTROL
campo de control ES-MaACL
005 - FECHA Y HORA DE LA ÚLTIMA TRANSACCIÓN
campo de control 20230906161854.0
007 - CAMPO FIJO DE DESCRIPCIÓN FÍSICA--INFORMACIÓN GENERAL
campo de control de longitud fija t|
008 - DATOS DE LONGITUD FIJA--INFORMACIÓN GENERAL
campo de control de longitud fija 030707m19631967sp ||||1| spa d
080 ## - NÚMERO DE LA CLASIFICACIÓN DECIMAL UNIVERSAL
Número de la Clasificación Decimal Universal 821.134.2-94"19"
080 ## - NÚMERO DE LA CLASIFICACIÓN DECIMAL UNIVERSAL
Número de la Clasificación Decimal Universal 929 Barga, Corpus
100 0# - ENTRADA PRINCIPAL--NOMBRE DE PERSONA
Nombre de persona Barga, Corpus,
Fechas asociadas al nombre 1887-1975
9 (RLIN) 25629
245 14 - MENCIÓN DEL TÍTULO
Título Los pasos contados :
Resto del título una vida española a caballo en dos siglos (1887-1957) /
Mención de responsabilidad, etc. Corpus Barga.
260 ## - PUBLICACIÓN, DISTRIBUCIÓN, ETC.
Lugar de publicación, distribución, etc. Barcelona :
Nombre del editor, distribuidor, etc. EDHASA,
Fecha de publicación, distribución, etc. 1963-1967.
300 ## - DESCRIPCIÓN FÍSICA
Extensión <1, 4>. ;
Dimensiones 20 cm.
505 8# - NOTA DE CONTENIDO CON FORMATO
Nota de contenido con formato Contiene: 1. Mi familia; El mundo de mi infancia - 4. Los galgos verdugos
600 04 - PUNTO DE ACCESO ADICIONAL DE MATERIA--NOMBRE DE PERSONA
Nombre de persona Barga, Corpus,
Fechas asociadas al nombre 1887-1975
9 (RLIN) 25629
852 ## - LOCALIZACIÓN
Ubicación ES-MaACL
Número de control de estantería P-567-bis
Holdings
Estatus retirado Estado de pérdida Estado de daño No para préstamo Biblioteca de origen Biblioteca actual Ubicación en estantería Fecha de adquisición Fuente de adquisición Total de préstamos Signatura topográfica completa Código de barras Visto por última vez Precio de reemplazo Tipo de ítem Koha
        Biblioteca del Ateneo de Madrid Biblioteca del Ateneo de Madrid Depósito 2 17/01/2008     P-567-bis 1051612 23/02/2023 23/02/2023 Libro impreso